000 00569nam a22001937a 4500
005 20260420082545.0
008 260420b |||||||| |||| 00| 0 eng d
020 _a978-93-47492-41-9
_c280.00
040 _aMAIN
041 _aasm
082 _a320.60
_bGOH.
100 _aGohain,Nabin
_dBora, Pankaj
245 _aভাৰতবষত ৰাজহুৱা নীতি আৰু বিশ্লেষণ
_cBy Nabin Gohain.
250 _a1st ed.
260 _aJorhat:
_bBidya Bhawan;
_c2026
300 _a311p.
650 _aPolitical Science
942 _2ddc
_cBK
999 _c16376
_d16376